01038nab a22001817a 4500003000400000005001700004008004100021040000700062100002500069245008500094260007200179300001300251500003900264505030700303505008900610650002000699773013700719OSt20260114141122.0190605e xxu||||| |||| 00| 0 spa d cPJ aMonsalvo, Manuel R. 13aApuntes acerca de los efectos temporales de la ley 27.742 /cManuel R. Monsalvo. aCiudad Autónoma de Buenos Aires :bThomson Reuters La Ley,c2024. ap. 72-80 aCita: TR LALEY AR/DOC/2627/2024.  aSumario: I. En clave de cambio.— II. La transición reglamentaria que plantea la ley 27.742.— III. Las fases del desarrollo.— IV. Los dirimentes de aplicación.— V. La retroactividad de la nueva norma. Sus límites.— VI. Repertorio de Criterios Resolutivos.— VII. Cierre de los apuntes.  t¿Te interesa el texto completo? Solicitalo al correo: koha@justierradelfuego.gov.ar 0aDERECHO LABORAL0 02711dCiudad Autónoma de Buenos Aires : Thomson Reuters La Ley, 1999-2002.tRevista de derecho del trabajo. Nº 6 - Noviembre 2024